Les vainqueurs du GP de Suisse de formule 1 - Statistiques

Statistiques générales
  • Ce quiz a été pris 59 fois
  • Le résultat moyen est 4 sur 6
Statistiques - réponses
Années Circuit Vainqueur Ecurie % Correct
1951 Bremgarten Juan Manuel Fangio Alfa Romeo
96%
1954 Bremgarten Juan Manuel Fangio Mercedes
96%
1953 Bremgarten Alberto Ascari Ferrari
90%
1950 Bremgarten Giuseppe Farina Alfa Romeo
88%
1982 Dijon-Prenois Keke Rosberg Williams
53%
1952 Bremgarten Piero Taruffi Ferrari
14%
Aucun quiz correspondant
Distribution des résultats
% des personnes avec chaque résultat
Percentile par nombre de réponses
Votre historique - résultats
Vous n’avez pas pris ce quiz